|
|
|
|
| LEADER |
00000nam0a2200000 4500 |
| 001 |
327343 |
| 005 |
20231102003942.0 |
| 035 |
|
|
|a (RuTPU)RU\TPU\book\353003
|
| 090 |
|
|
|a 327343
|
| 100 |
|
|
|a 20170127d1951 km y0rusy50 ca
|
| 101 |
0 |
|
|a rus
|
| 102 |
|
|
|a RU
|a UA
|
| 105 |
|
|
|a a z 000zy
|
| 200 |
1 |
|
|a Определение качества и пригодности углей для коксования
|f С. Г. Аронов
|
| 210 |
|
|
|a Москва
|a Харьков
|c Металлургиздат
|d 1951
|
| 215 |
|
|
|a 67 с.
|c ил.
|
| 606 |
1 |
|
|a Коксование
|x Углеподготовка
|2 stltpush
|3 (RuTPU)RU\TPU\subj\33258
|9 55551
|
| 610 |
1 |
|
|a уголь
|
| 610 |
1 |
|
|a качество
|
| 610 |
1 |
|
|a пригодность
|
| 610 |
1 |
|
|a показатели
|
| 610 |
1 |
|
|a отбор
|
| 610 |
1 |
|
|a разделка
|
| 610 |
1 |
|
|a пробы
|
| 610 |
1 |
|
|a влага
|
| 610 |
1 |
|
|a зола
|
| 610 |
1 |
|
|a обогатимость
|
| 610 |
1 |
|
|a сернистость
|
| 610 |
1 |
|
|a летучие вещества
|
| 610 |
1 |
|
|a свойства
|
| 675 |
|
|
|a 622.271.02
|v 4
|
| 700 |
|
1 |
|a Аронов
|b С. Г.
|
| 801 |
|
1 |
|a RU
|b 63413507
|c 20170127
|
| 801 |
|
2 |
|a RU
|b 63413507
|c 20170202
|g RCR
|
| 942 |
|
|
|c BK
|